Dont Feed The Ducks (Record no. 42919)

MARC details
000 -LEADER
fixed length control field 00290nam a2200121Ia 4500
008 - FIXED-LENGTH DATA ELEMENTS--GENERAL INFORMATION
fixed length control field 241028s9999 xx 000 0 und d
041 ## - LANGUAGE CODE
Language code of text/sound track or separate title eng
082 ## - DEWEY DECIMAL CLASSIFICATION NUMBER
Classification number 591.5 CON
100 ## - MAIN ENTRY--PERSONAL NAME
Personal name O Connell
245 ## - TITLE STATEMENT
Title Dont Feed The Ducks
260 ## - PUBLICATION, DISTRIBUTION, ETC.
Name of publisher, distributor, etc. Liamoconnell
Place of publication, distribution, etc. Europe
Date of publication, distribution, etc. 2007
300 ## - PHYSICAL DESCRIPTION
Extent 184;. P. 21 cm
Holdings
Withdrawn status Lost status Damaged status Not for loan Home library Current library Shelving location Date acquired Cost, normal purchase price Total Checkouts Full call number Barcode Date last seen Date last checked out Cost, replacement price Price effective from Koha item type
        IMTN IMTN Rack 19-A 07/03/2024 811.44 1 591.5 CON 33348 10/16/2025 10/08/2025 10.99 10/28/2024 Books
Designed & Maintained by: LRC IMT Nagpur Contact: lrc@imtnag.ac.in© 2024. All Rights Reserved.